000 00867nam a22002417a 4500
999 _c64487
_d64487
005 20240530110734.0
008 180703s2007 ua g b 000 0 ara d
017 _a2007/14872
_bمصر. دار الكتب
020 _a9772325810
040 _aEG-CaGPL
_cEG-CaGPL
082 0 4 _221
_a158.1/
_bع ك
100 0 _aعلا عبدالباقى ابراهيم
245 1 0 _aكيف تغير حياتك من خلال الارشاد النفسى /
_cعلا عبدالباقى ابراهيم
250 _aط.1
260 _aالقاهرة :
_bعالم الكتب ،
_c2007.
300 _a198 ص.،
_c24 سم.
504 _aيشتمل على ارجاعات ببليوجرافية
650 0 7 _2qrmak
_aالارشاد النفسى
650 0 7 _2qrmak
_aالصحة النفسية
651 _2qrmak
942 _2ddc
_cBK